000 01698cam a22003497a 4500
001 16867406
003 ARRUPE
005 20131213123425.0
008 110609s2009 enk b 000 0 eng d
010 _a 2011431849
020 _a9780334043416
020 _a0334043417
035 _a(OCoLC)ocn441152282
040 _aYDXCP
_cYDXCP
_dBWK
_dHLS
_dEMT
_dCDX
_dDLC
042 _alccopycat
050 0 0 _aBR115.A8
_bP38 2009
100 1 _aPattison, George,
_d1950-
_95691
245 1 0 _aCrucifixions and resurrections of the image :
_bChristian reflections on art and modernity /
_cGeorge Pattison.
246 1 4 _aCrucifixions & resurrections of the image :
_bChristian reflections on art and modernity
260 _aLondon :
_bSCM Press,
_c2009.
300 _aviii, 181 p. ;
_c22 cm.
504 _aIncludes bibliographical references (p. 179-181).
505 0 _aThe context and the inheritance -- Art, modernity and the death of God -- From creation to re-creation -- George Frederick Watts and 'Hope' -- After an end : unsaying painting -- Joseph Beuys : a leaf from the Book of Jeremiah -- Anselm Kiefer's 'Palm Sunday' -- Letters from America : Robert Natkin and friends -- Antony Gormley's 'Still Moving' -- A central Asian pietà -- Salvation unseen -- Cinema Paradiso.
650 0 _aChristianity and art.
_95692
650 0 _aChristianity and culture.
_95693
650 0 _aChristianity and art
_95694
650 0 _aTheology.
_95695
856 4 2 _3Publisher description
_uhttp://www.loc.gov/catdir/enhancements/fy1305/2011431849-d.html
906 _a7
_bcbc
_ccopycat
_d2
_encip
_f20
_gy-gencatlg
942 _2lcc
_cMONOGRAPH
999 _c119257
_d119257